000 04919nam0a2200817 4500
001 RU\NLR\bibl\1314615
005 20260407085257.0
010 _a978-5-7620-1319-2
_9250
021 _aRU
_b2008-91059
_95322
035 _a(NLR Aleph) 001300011
090 _a613229
_c613229
100 _a20080624d2008 |||y0rusy50 ca
101 0 _arus
_deng
102 _aRU
105 _aac |||||||||
200 1 _aМашинно-технологическое, энергетическое и сервисное обеспечение сельхозтоваропроизводителей Сибири
_eматериалы Международной научно-практической конференции, посвященной 100-летию со дня рождения академика ВАСХНИЛ А. И. Селиванова, 9-11 июня 2008 г., п. Краснообск
_f[сост.: Н. М. Иванов и др.]
210 _aНовосибирск
_cСибирское отделение Росссельхозакадемии
_cГНУ СибИМЭ
_d2008
215 _a646, [1] с.
_cил., портр.
_d23
300 _aВ надзаг.: Рос. акад. с.-х. наук, Сиб. отд-ние, Департамент АПК Администрации Новосиб. обл., Гос. науч. учреждение Сиб. науч.-исслед. ин-т механизации и электрификации сел. хоз-ва, Федер. гос. образоват. учреждение высш. проф. образования Новосиб. гос. аграр. ун-т, Инженер. ин-т
300 _aРез. на англ. яз.
320 _aБиблиогр. в конце докл.
600 1 _aСеливанов
_bА.И.
_f1908 - 1976
_gАлександр Иванович
_91593229
_3RU\NLR\auth\66999128
606 1 _aСельскохозяйственные машины и орудия
_jСъезды, совещания и т.п.
_xТехническое обслуживание
_91365467
_3RU\NLR\auth\66257477
606 1 _aСельское хозяйство
_jСъезды, совещания и т.п.
_xМеханизация
_xЭнергосбережение
_92184563
_3RU\NLR\auth\661313471
610 1 _aАПК
610 1 _aС-х предприятия
610 1 _aМТП
610 1 _aМашинно-тракторный парк
610 1 _aТехобслуживание
610 1 _aРесурсосберегающие технологии
610 1 _aИнновации
610 1 _aИнфраструктура
610 1 _aИнформационное обеспечение
610 1 _aЭнергетика
610 1 _aПодготовка кадров
610 1 _aМатериально-техническое снабжение
610 1 _aТоваропроизводители
610 1 _aТехнический сервис
610 1 _aРемонтное обслуживание
610 1 _aМашинно-технологическое обеспечение
610 1 _aЭнергетическое обеспечение
610 1 _aСервисное обеспечение
610 1 _aТехническое переоснащение
610 1 _aЭнергосберегающие технологии
610 1 _aАграрное образование
610 1 _aИнженерно-техническая сфера
610 1 _aКонференции
686 _aУ9(2)321.0-571.17я431
_vLBC/SL
_2rubbk
686 _aУ9(2)321.0-551.312я431
_vLBC/SL
_2rubbk
686 _aУ9(2)321.192я431
_vLBC/SL
_2rubbk
686 _aП072-94я431(0)
_vLBC/SL
_2rubbk
686 _aП,12я431(0)
_vLBC/SL
_2rubbk
686 _aП07,01я431(0)
_vLBC/SL
_2rubbk
686 _a68.75.41
_2rugasnti
686 _a68.85.83
_2rugasnti
686 _a68.75.45
_2rugasnti
686 _a68.85.15
_2rugasnti
686 _aП071я431(0)
686 _aП072-082.05я431(0)
686 _aП07д(2)Селиванов
702 1 _4220
_8rus
_7ca
_aИванов
_bН. М.
_cканд. экон. наук
_gНиколай Михайлович
_3RU\NLR\AUTH\7786446
_969374
702 1 _4280
_7ca
_8rus
_aСеливанов
_bА. И.
_cд-р техн. наук
_f1908-1976
_gАлександр Иванович
_9167659
_3RU\NLR\AUTH\770167706
712 0 2 _4570
_aРоссийская академия сельскохозяйственных наук
_bСибирское отделение
_3RU\NLR\AUTH\8813264
_9299552
801 0 _aRU
_bЦНСХБ СО РАСХН
_c20080624
_gPSBO
801 1 _aRU
_bЦНСХБ СО РАСХН
_c20080909
801 2 _aRU
_bNLR
_c20090113
_grcr
942 _cBOOK
980 _aNB